000 00606nmm a2200193Ia 4500
008 251105s9999||||xx |||||||||||||||||und||
020 _a9788477339151
041 _aspa
100 _aCarnero Arbat, Guillermo
245 0 _aObras raras y desconocidas de Ignacio de Luzán
264 _a[Madrid, España] :
_bPrensas Universitarias de Zaragoza,
_c2007
300 _a497 páginas
650 _aSpanish literature
700 _aCarnero Arbat, Guillermo
700 1 _a Carnero Arbat, Guillermo
700 1 _a Luzán, Ignacio De
856 _uhttps://public.digitaliapublishing.com/a/682
942 _cCF
999 _c63575
_d63575